|
|
|
|
| LEADER |
00629nab a2200169 i 4500 |
| 001 |
misc531 |
| 005 |
20191106144124.0 |
| 008 |
170607s1900 hu o 0|| hun d |
| 040 |
|
|
|a SZTE Miscellanea Repozitórium
|b hun
|
| 041 |
|
|
|a hun
|
| 100 |
1 |
|
|a T. K.
|
| 245 |
1 |
0 |
|a Bölények Nádasdy vadaskertjében 1551-ben
|h [elektronikus dokumentum] /
|c T. K.
|
| 260 |
|
|
|c 1900
|
| 300 |
|
|
|a 141
|
| 490 |
0 |
|
|a Magyar gazdaságtörténelmi szemle
|v 7
|
| 695 |
|
|
|a Nádasdy Tamás nádor, Történelemtudomány, Magyarország történelme, Gazdaságtörténet
|
| 856 |
4 |
0 |
|u http://misc.bibl.u-szeged.hu/531/1/gazd_tort_szeml_1900_141.pdf
|z Dokumentum-elérés
|